Vita autentica del curato d'Ars. (Record n. 37484)

Dettagli MARC
000 -LEADER
fixed length control field 00973nam a2200253 a 4500
003 - CONTROL NUMBER IDENTIFIER
control field OSt
005 - DATE AND TIME OF LATEST TRANSACTION
control field 20220918175935.0
008 - FIXED-LENGTH DATA ELEMENTS--GENERAL INFORMATION
fixed length control field 120906s2009 it aoc 000 0bita d
020 ## - INTERNATIONAL STANDARD BOOK NUMBER
International Standard Book Number 9788821511783
040 ## - CATALOGING SOURCE
Original cataloging agency IT-MiCSC
Language of cataloging ita
Transcribing agency IT-MiCSC
041 1# - LANGUAGE CODE
Language code of text/sound track or separate title ita
Language code of original fre
100 1# - MAIN ENTRY--PERSONAL NAME
Personal name Fourrey René
Titles and words associated with a name vescovo di Belley,
Dates associated with a name 1901-1982.
9 (RLIN) 6
245 10 - TITLE STATEMENT
Title Vita autentica del curato d'Ars.
Statement of responsibility, etc. René Fourrey; introduzione di René Laurentin; [traduzione di Luigi Rosadoni e Luigi Giovannini]
250 ## - EDITION STATEMENT
Edition statement 9ª ed.
260 ## - PUBLICATION, DISTRIBUTION, ETC. (IMPRINT)
Place of publication, distribution, etc. Cinisello Balsamo :
Name of publisher, distributor, etc. San Paolo,
Date of publication, distribution, etc. 2009.
300 ## - PHYSICAL DESCRIPTION
Extent 401 p., [8] p. di tav. :
Other physical details ill., fotogr., ritr. ;
Dimensions 23 cm.
490 1# - SERIES STATEMENT
Series statement I protagonisti ;
Volume/sequential designation 3.
500 ## - GENERAL NOTE
General note Tit. orig.: Jean Marie Vianney curé d'Ars. Vie authentique.
546 ## - LANGUAGE NOTE
Language note In italiano tradotto dal francese.
600 14 - SUBJECT ADDED ENTRY--PERSONAL NAME
Personal name Vianney, Giovanni Maria,
Titles and other words associated with a name santo,
Dates associated with a name 1786-1859
Form subdivision Biografia.
9 (RLIN) 7
700 1# - ADDED ENTRY--PERSONAL NAME
Personal name Laurentin, René,
Dates associated with a name 1917-
9 (RLIN) 8
830 #2 - SERIES ADDED ENTRY--UNIFORM TITLE
Uniform title I protagonisti (San Paolo) ;
Volume number/sequential designation 3.
9 (RLIN) 9
942 ## - ADDED ENTRY ELEMENTS (KOHA)
Source of classification or shelving scheme Dewey Decimal Classification
Koha item type LIBRO
Dati di copia
Withdrawn status Lost status Source of classification or shelving scheme Damaged status Not for loan Home library Current library Date acquired Total Checkouts Full call number Date last seen Price effective from Koha item type
    Dewey Decimal Classification Buone Condizioni Not For Loan PAULUS-BIBLIOTECA PAULUS-BIBLIOTECA 07/11/2012   1111111 07/11/2012 07/11/2012 LIBRO
CREDITS: SOCIETA' SAN PAOLO Via A.Severo, 58 - ROMA (RM) & PERIODICI SAN PAOLO SRL Via Giotto, 36 MILANO & CISF Via Giotto, 36 MILANO & EDIZIONI SAN PAOLO SRL,  Piazza Soncino, 5 CINISELLO BALSAMO (MI) -- ITALY